| 000 | 003900000a22001450004500 | ||
|---|---|---|---|
| 082 | _a631.521 KUM/SY | ||
| 100 |
_aKUMAR, U _fAuthor |
||
| 245 | _aSYNTHETIC SEEDS: FOR COMMERCIAL CROP PRODUCTION | ||
| 260 | _aBIKANER, AGRO BOTANICA | ||
| 260 | _c2000 | ||
| 300 | _apages 160 | ||
| 650 | _aDISCOVERY AND PERSPECTIVES OF SYNTHETIC SEEDS | ||
| 650 | _aSOMATIC EMBRYOGENESIS | ||
| 942 | _cBK | ||
| 999 |
_c296807 _d296807 |
||